00720nam a2200145Ia 4500008004100000020001800041100001800059245011700077260002200194650001700216650020800233856004100441999001900482952007300501171212s9999 xx 000 0 und d a9781760460051 aFox, James J. cFox, James J.aMaster poets, ritual mastersbThe art of oral composition among the Rotenese of Eastern Indonesia bANU E Pressc2016 aAnthropology aFolk poetry, Indonesian -- Indonesia -- Rote Ndao; Oral tradition -- Indonesia -- Rote Ndao; Oral-formulaic analysis; Folk literature, Indonesian -- History and criticism; Rote Ndao (Indonesia) -- Poetry uhttp://jstor.org/stable/j.ctt1d10h31 c351203d351203 001040aCLbCLd2017-12-12l0r2017-12-12 00:00:00w2017-12-12yCBE